[Event "Sinergia 06 email"]
[Site "Argentina"]
[Date "2000.12.01"]
[Round "3"]
[White "Guerola, Bernat"]
[Black "Clarizza, Jorge Enrique"]
[Result "0-1"]
[WhiteElo "862"]
[BlackElo "1035"]
[PlyCount "48"]
[EventDate "2000.12.01"]
[EventType "tourn (corr)"]
[EventRounds "6"]
[EventCountry "ARG"]
[SourceTitle "Corr 2006"]
[Source "ChessBase"]
[SourceDate "2006.04.01"]
[SourceVersion "3"]
[SourceVersionDate "2006.04.01"]
[SourceQuality "1"]

1. d4 Nf6 2. Nf3 e6 3. Nc3 Bb4 4. Qd3 b6 5. a3 Ba6 6. Qe3 Nd5 7. Qe5 Bxc3+ 8. bxc3 0-0 9. Nd2 Nxc3 10. Bb2 Na4 11. Ra2 Nc6 12. Qg3 Nxb2 13. Rxb2 Nxd4 14. e4 Bxf1 15. Rxf1 d5 16. c3 Nc6 17. Rb3 dxe4 18. Nxe4 f5 19. Ng5 f4 20. Qg4 Rf5 21. Nxe6 Re5+ 22. Qe2 Qd3 23. Nxf4 Rxe2+ 24. Nxe2 Re8 0-1

[Event "Sinergia 03 email"]
[Site "Argentina"]
[Date "2000.07.03"]
[Round "1"]
[White "Guerola, Bernat"]
[Black "Garcia, Edgar"]
[Result "0-1"]
[WhiteElo "924"]
[BlackElo "1000"]
[PlyCount "133"]
[EventDate "2000.07.03"]
[EventType "tourn (corr)"]
[EventRounds "6"]
[EventCountry "ARG"]
[SourceTitle "Corr 2006"]
[Source "ChessBase"]
[SourceDate "2006.04.01"]
[SourceVersion "3"]
[SourceVersionDate "2006.04.01"]
[SourceQuality "1"]

1. e4 e5 2. d4 exd4 3. Qxd4 Nc6 4. Qa4 Nf6 5. Bd3 Bc5 6. Nh3 d6 7. Nc3 0-0 8. 0-0 Bxh3 9. gxh3 Nh5 10. Nd5 Ne5 11. Be2 Qh4 12. Bxh5 Qxh5 13. Ne7+ Kh8 14. Qb3 Rae8 15. Nf5 Nf3+ 16. Kg2 Nh4+ 17. Nxh4 Qxh4 18. Qxb7 Rxe4 19. Be3 Bxe3 20. fxe3 Rxe3 21. Qxa7 Qxh3+ 22. Kh1 Re2 23. Qg1 Rxc2 24. Rac1 Qd3 25. Rf2 Qe4+ 26. Rg2 Rxb2 27. Rxc7 Rxa2 28. Rc1 d5 29. Re1 Qxg2+ 30. Qxg2 Rxg2 31. Kxg2 Rd8 32. Kf3 g6 33. Rd1 Kg7 34. Kf4 f6 35. Rd4 h5 36. Rd3 d4 37. h4 Kh6 38. Ke4 Re8+ 39. Kf4 Rd8 40. Ke4 Rd6 41. Kf4 Kg7 42. Ke4 Kf7 43. Kf4 g5+ 44. hxg5 fxg5+ 45. Kxg5 Rd5+ 46. Kf4 Ke6 47. Ke4 h4 48. Kf4 h3 49. Kg3 Ke5 50. Kxh3 Ke4 51. Rd1 Kf3 52. Rf1+ Ke2 53. Rf8 Re5 54. Kg2 d3 55. Rf2+ Kd1 56. Rf8 Re2+ 57. Kf3 d2 58. Rh8 Re7 59. Kf2 Rc7 60. Ra8 Kc2 61. Ra2+ Kd3 62. Ra3+ Rc3 63. Ra1 Rc1 64. Ra3+ Kc4 65. Ra4+ Kb3 66. Rd4 d1Q 67. Rxd1 0-1

[Event "Sinergia 02 email"]
[Site "Argentina"]
[Date "2000.05.08"]
[Round "2"]
[White "Campos, Guillermo"]
[Black "Guerola, Bernat"]
[Result "1-0"]
[WhiteElo "1023"]
[BlackElo "963"]
[PlyCount "26"]
[EventDate "2000.05.08"]
[EventType "tourn (corr)"]
[EventRounds "6"]
[EventCountry "ARG"]
[SourceTitle "Corr 2006"]
[Source "ChessBase"]
[SourceDate "2006.04.01"]
[SourceVersion "3"]
[SourceVersionDate "2006.04.01"]
[SourceQuality "1"]

1. e4 e5 2. Nf3 Nf6 3. Nxe5 Qe7 4. d4 Nxe4 5. Be2 Nxf2 6. Kxf2 Qf6+ 7. Nf3 c5 8. Re1 Be7 9. Bg5 Qf5 10. Bxe7 Kxe7 11. Bd3+ Kf6 12. Bxf5 Kxf5 13. Qd3+ Kf6 1-0

[Event "Sinergia 02 email"]
[Site "Argentina"]
[Date "2000.05.08"]
[Round "4"]
[White "Rivas, Ramon"]
[Black "Guerola, Bernat"]
[Result "1-0"]
[WhiteElo "985"]
[BlackElo "963"]
[PlyCount "61"]
[EventDate "2000.05.08"]
[EventType "tourn (corr)"]
[EventRounds "6"]
[EventCountry "ARG"]
[SourceTitle "Corr 2006"]
[Source "ChessBase"]
[SourceDate "2006.04.01"]
[SourceVersion "3"]
[SourceVersionDate "2006.04.01"]
[SourceQuality "1"]

1. e4 e5 2. f4 d6 3. Nc3 f5 4. d4 Nc6 5. Nf3 Nf6 6. exf5 Bxf5 7. dxe5 Qe7 8. Bb5 0-0-0 9. Qe2 Ne8 10. Bxc6 bxc6 11. Nd4 Bd7 12. e6 Kb7 13. Be3 Rb8 14. exd7 Nf6 15. d8N+ Qxd8 16. b4 d5 17. b5 Bb4 18. bxc6+ Ka8 19. Qd3 Ne4 20. Bd2 Nc5 21. Qf3 Qe8+ 22. Kf1 Ne6 23. Nxe6 Qxe6 24. Nxd5 Bd6 25. h3 Rb2 26. Bc3 Rxc2 27. f5 Qc8 28. Qd3 Rxc3 29. Nxc3 Rf8 30. Kg1 Bc5+ 31. Kh2 1-0

[Event "IECC Team FBIM email"]
[Site "UECC email"]
[Date "2000.??.??"]
[Round "1.14"]
[White "Guerola, Bernat"]
[Black "Varela, Alejandro"]
[Result "0-1"]
[WhiteElo "1400"]
[BlackElo "2150"]
[PlyCount "70"]
[EventDate "2000.03.??"]
[EventType "team (corr)"]
[EventRounds "10"]
[SourceTitle "Corr 2002"]
[Source "ChessBase"]
[SourceDate "2002.05.23"]
[SourceVersion "1"]
[SourceVersionDate "2002.05.23"]
[SourceQuality "1"]

1. Nf3 c5 2. g3 g6 3. Bg2 Bg7 4. c4 d6 5. 0-0 Nf6 6. d4 cxd4 7. Nxd4 0-0 8. b4 d5 9. Na3 dxc4 10. Nxc4 Nd5 11. Qd2 Nb6 12. Nxb6 Qxb6 13. Nf3 Bxa1 14. Qh6 Bg7 15. Qh4 Nc6 16. Bh6 Qxb4 17. e4 Bxh6 18. Qxh6 f6 19. Re1 Be6 20. g4 Bxg4 21. Qe3 Rad8 22. a3 Qb6 23. h3 Qxe3 24. Rxe3 Bxf3 25. Bxf3 Rd2 26. h4 Nd4 27. Rc3 Nxf3+ 28. Rxf3 Rc8 29. Kg2 Rcc2 30. Kg3 Rxf2 31. Rxf2 Rxf2 32. Kxf2 b5 33. Ke3 a5 34. Kd3 h5 35. Kc3 g5 0-1

[Event "IECC Team FBIM email"]
[Site "UECC email"]
[Date "2000.??.??"]
[Round "7.14"]
[White "Monfort, Ferran"]
[Black "Guerola, Bernat"]
[Result "1-0"]
[WhiteElo "2037"]
[BlackElo "1400"]
[PlyCount "39"]
[EventDate "2000.03.??"]
[EventType "team (corr)"]
[EventRounds "10"]
[SourceTitle "Corr 2002"]
[Source "ChessBase"]
[SourceDate "2002.05.23"]
[SourceVersion "1"]
[SourceVersionDate "2002.05.23"]
[SourceQuality "1"]

1. e4 e5 2. Nf3 Nc6 3. Bb5 d6 4. d4 a6 5. Bxc6+ bxc6 6. dxe5 Bg4 7. exd6 cxd6 8. Nc3 Nf6 9. 0-0 Be7 10. e5 Bxf3 11. Qxf3 dxe5 12. Qxc6+ Nd7 13. Rd1 Rc8 14. Qxa6 0-0 15. Qb5 Rc7 16. Be3 Qc8 17. Nd5 Qb8 18. Nxc7 Qxb5 19. Nxb5 e4 20. Rxd7 1-0

[Event "IECC Team FBIM email"]
[Site "UECC email"]
[Date "2000.??.??"]
[Round "1.14"]
[White "Varela, Alejandro"]
[Black "Guerola, Bernat"]
[Result "1-0"]
[WhiteElo "2150"]
[BlackElo "1400"]
[PlyCount "39"]
[EventDate "2000.03.??"]
[EventType "team (corr)"]
[EventRounds "10"]
[SourceTitle "Corr 2002"]
[Source "ChessBase"]
[SourceDate "2002.05.23"]
[SourceVersion "1"]
[SourceVersionDate "2002.05.23"]
[SourceQuality "1"]

1. e4 e5 2. Nf3 Nc6 3. Bb5 Nf6 4. 0-0 Nxe4 5. d4 Nxd4 6. Nxd4 exd4 7. Re1 f5 8. f3 Bc5 9. fxe4 0-0 10. Bc4+ Kh8 11. Bd3 Qh4 12. Nd2 fxe4 13. g3 Qg5 14. Nxe4 Qd5 15. Nxc5 Qxc5 16. Rf1 Re8 17. Qg4 d6 18. Qh4 h6 19. Bxh6 g6 20. Qf6+ 1-0